Маленькая книжка о любви: пер. с болг.

Մատենագիտական մանրամասներ
Հիմնական հեղինակ: Симеонова Л. Лидия
Լեզու:ռուսերեն
Հրապարակվել է: Москва, Республика, 1992
Շարք:Библиотечка семейного чтения
Խորագրեր:
Ձևաչափ: Գիրք
KOHA link:https://koha.lib.tpu.ru/cgi-bin/koha/opac-detail.pl?biblionumber=20641

MARC

LEADER 00000nam0a2200000 4500
001 20641
005 20231030192155.0
010 |a 5250016464 
035 |a (RuTPU)RU\TPU\book\20829 
035 |a BOOK00020900 
090 |a 20641 
100 |a 20011209d1992 m y0rusy50 ca 
101 1 |a rus  |c bul 
102 |a RU 
105 |a y z 000zy 
200 1 |a Маленькая книжка о любви  |e пер. с болг.  |f Л. Симеонова 
210 |a Москва  |c Республика  |d 1992 
215 |a 173 с. 
225 1 |a Библиотечка семейного чтения 
610 1 |a этика 
610 1 |a любовь 
610 1 |a семья 
610 1 |a брак 
610 1 |a психология 
686 |a Ю715  |v LBC/SL-A  |2 rubbk 
700 1 |a Симеонова  |b Л.  |g Лидия 
801 0 |a RU  |b 63413507  |c 20011209  |g PSBO 
801 2 |a RU  |b 63413507  |c 20230126  |g PSBO 
942 |c BK